| 000 | 00616nas a22002057a 4500 | ||
|---|---|---|---|
| 001 | 7446 | ||
| 003 | BD-DhEWU | ||
| 008 | 140526u ii |||p| |||| 00| 0 eng d | ||
| 022 | _a09708197 | ||
| 082 |
_222 _a650 _b BUS |
||
| 245 | 0 | 0 | _aBusiness World / |
| 260 |
_aNew Delhi : _bGBN Media, |
||
| 300 |
_av. : _bill. ; _c31 cm. |
||
| 500 | _aPublished at irregular intervals. | ||
| 651 | 0 |
_aIndia _vPeriodicals _xBusiness _99857 |
|
| 653 | 0 | 0 | _aBusiness |
| 710 |
_aGBN Media _99858 |
||
| 856 | 4 | 2 |
_uhttps://www.worldcat.org/title/business-world/oclc/805071381?referer=di&ht=edition _yWorldcat details |
| 942 |
_2ddc _cSERIAL _s1 |
||
| 999 |
_c7446 _d7446 |
||